| 000 | 00508nam a2200169 i 4500 | ||
|---|---|---|---|
| 001 | 46718 | ||
| 003 | ES-MaACL | ||
| 005 | 20230906161432.0 | ||
| 007 | t| | ||
| 008 | 030331s1887 fr ||||1| fre d | ||
| 100 | 1 |
_aConi, Emile R. _940176 |
|
| 245 | 1 | 0 |
_aProgrès de l'hygiène dans la Republique Argentine / _cpar Émile R. Coni. |
| 260 |
_aParis : _bJ.B. Baillière et Fils, _c1887. |
||
| 300 |
_aXVI, 266 p., 20 lám. ; _c27 cm. |
||
| 650 | 4 |
_aHigiene- _zArgentina. _9165428 |
|
| 852 |
_aES-MaACL _jF-11536 |
||
| 999 |
_c46718 _d46718 |
||